1031 1509 1381 1325 1154 1501 1093 1909 1516 1925 1542 1572 1620 1438 1286 1091 1405 1470 1857 1783 1917 1733 1584 1373 1646 1792 1900 1564 1026 1404 1164 1629 1096 1355 1895 1965 1421 1821 1337 1105 1491 1170 1261 1911 1736 1600 1811 1469 1328 1860 1962 1032 1520 1388 1046 1841 1391 1928 1745 1939 1153 1380 1767 1871 1673 1316 1554 1016 1202 1931 1899 1787 1782 1941 1553 1007 1417 1670 1236 1278 1270 1543 1945 1898 1965 1396 1599 1152 1898 1908 1972 1157 1302 1574 1367 1447 1447 1462 1549 BCNSPRNW ULIB Ver.6.0+V

เปลี่ยนเป็นภาษาไทย

Change to English
 แสดงรายละเอียดบรรณานุกรม
  กลับหน้าหลัก

Brief Record : Get Marc (ISO 2709) : E-mail record : QR code < ปิดหน้าต่าง
LEADER : 00000nam 2200000uu 4500
001    13399111243
003     ULIB
008    110621s||||||||th 000 0 tha d
020    9741322321
050  4 BJ1725^bจ165จ 2546
100 0  วริยา ชินวรรโณ
245 00 จริยธรรมในวิชาชีพ /^cวริยา ชินวรรโณ, บรรณาธิการ
260    กรุงเทพฯ :^bโรงพิมพ์ชวนพิมพ์,^c2546
300    223 หน้า :^bภาพประกอบ
504    บรรณานุกรม : หน้า 223
650  7 จริยธรรม
650  7 จรรยาบรรณ
700 0  วริยา ชินวรรโณ
945    ^p120^l0^i016379
945    ^p120^l0^i016378
945    ^p120^l0^i016380
995    ทศพร
999 ^a ใช้งานได้ทุกระบบ
รายการนี้ยังไม่มีแท็ก
คุณยังไม่ได้ล็อกอิน คุณสามารถมีกิจกรรมร่วมกับเว็บไซต์ได้ แต่ต้องล็อกอินก่อน ::
  ล็อกอิน

รายการสื่อสารสนเทศ

ลำดับที่ ประเภท เลขเรียก/บาร์โค้ด สถานที่ สถานะ
- ไม่พบข้อมูล -

รายการใกล้เคียง
    หัวเรื่อง [จริยธรรม]
    หัวเรื่อง [จรรยาบรรณ]

BibComment


ยังไม่เคยถูกคอมเมนท์

คอมเมนท์ทรัพยากรรายการนี้
  คอมเมนท์: จริยธรรมในวิชาชีพ..


 Copyright 2026. Bcnsprnw @Library